Statystyki dla Do których partii należą ci politycy?

Kliknij tutaj aby rozwiązać quiz!

Ogólne statystyki

  • Ten quiz został rozwiązany 1 654 razy
    (1 425 od ostatniego zresetowania)
  • Średni wynik to 13 z 20

Statystyki odpowiedzi

PolitykPartia% Poprawnych
Władysław Kosiniak-KamyszPolskie Stronnictwo Ludowe
90%
Ryszard TerleckiPrawo i Sprawiedliwość
87%
Grzegorz BraunKonfederacja Korony Polskiej
85%
Robert BiedrońWiosna
85%
Elżbieta WitekPrawo i Sprawiedliwość
84%
Borys BudkaPlatforma Obywatelska
83%
Bartosz ArłukowiczPlatforma Obywatelska
76%
Zbigniew ZiobroSolidarna Polska
76%
Tomasz GrodzkiPlatforma Obywatelska
74%
Adrian ZandbergLewica Razem
70%
Włodzimierz CzarzastySojusz Lewicy Demokratycznej
68%
Tomasz SiemoniakPlatforma Obywatelska
65%
Joanna LichockaPrawo i Sprawiedliwość
65%
Artur DziamborKORWiN
63%
Katarzyna LubnauerNowoczesna
62%
Jarosław GowinPorozumienie
54%
Robert WinnickiRuch Narodowy
47%
Adam SzłapkaNowoczesna
39%
Marcelina ZawiszaLewica Razem
38%
Barbara NowackaInicjatywa Polska
23%

Rozkład punktacji

Percentyl według liczby udzielonych odpowiedzi

Procent ludzi z każdym wynikiem

Twoja historia wyników

Nie rozwiązałeś tego quizu od ostatniego zresetowania